02128cas a22006497a 450000500170000000800410001701000100005801100100006802200140007803500100009224500990010226001050020130000070030631000150031332100120032836200190034065000570035986600580041686600580047486600210053286600270055386600260058086600290060686600270063586600290066286600230069186600240071486600270073886600270076586600230079286600220081586600310083786600230086886600290089186600240092086600230094486600230096786600280099086600350101886600250105386600220107886600220110086600240112286600220114686600230116886600240119186600230121586600200123886600290125886600200128786600200130786600330132786600340136086600340139486600270142886600230145520220329142645.0001017c1924 qr pernn 0 b1 d a86074 a87046 a0041-3216 a9758700aTropical Agriculturec/by University of the West Indies Press. School of Agriculture on Behalf0 aSt Agustine, Trinidad :bUniversity of the West Indies Press, School of Agriculture on Behalfc1924- av. aTrimestral aMensual av.77 (1),2000.14aAgriculturaxTrópicosxPublicaciones periódicas. av. 79 n. 1 (January 2002) - v. 79 n. 4 (October 2002) av. 80 n. 1 (January 2003) - v. 80 n. 4 (October 2003) av.1 n.5,7 (1924) av.10 n.3-5,7-10 (1933) av.11n.1-7,9-12 (1934) av.12 n.1-2,4,6-12 (1935) av.13 n.1-5,7-12 (1936) av.14 n.3,6-7,9-11 (1937) av.15 n.1-12 (1938) av.16 n.1-7,9 (1939) av.17 n.2-5,7-12 (1940) av.18 n.1-7,9-11 (1941) av.19 n.1-12 (1942) av.2 n.2-12 (1925) av.20 n.1-4,6-7,9-11 (1943) av.21 n.1-12 (1944) av.22 n.1,3-7,9-12 (1945) av.23 n.11-12 (1946) av.24 n.7-12 (1947) av.26 n.1-12 (1949) av.27 n. 1-4,6-12 (1950) av.28 n.1-v.30 n.12 (1951-1953) av.3 n.1-10,12 (1926) av.31 n.2-4 (1954) av.32 n.3-4 (1955) av.33 n.1-2,4 (1956) av.34 n.1-3 (1957) av.35 n.1--4 (1958) av.36 n.1,3-4 (1959) av.37 n. 2-4 (1960) av.38 n.1 (1961) av.4 n.1-3,5-10,12 (1927) av.46 n.1 (1969) av.47 n.1 (1970) av.5 n.1-v.7 n.12 (1928-1930) av.70 n.1-v.72 n.4 (1993-1995) av.75 n.1-v.78 n.4 (1998-2001) av.8 n.1--6,8-12 (1931) av.9 n.1-3,9 (1932)